000 005020000a22001810004500
003 MACL
005 20160409135045.0
008 160409b xxu||||| |||| 00| 0 eng d
040 _aMACL
_cMACL
041 _aHindi
082 _a500
100 _aएस के शर्मा
_951350
245 _aविज्ञान शब्‍दकोश
260 _bअक्षर माला
_c2006
_aदिल्‍ली
350 _a300
650 _aNatural Sci.
_935128
942 _cHIN
_k500
_2ddc
999 _c10691
_d10691